| 000 | 00982nam a2200277 u 4500 | ||
|---|---|---|---|
| 001 | 67340 | ||
| 005 | 20210225121724.0 | ||
| 008 | 170515s2017 xxua r 000 0 eng d | ||
| 020 | _a9780997316025 | ||
| 040 |
_aMX-PuUPA _bspa _erda _cMx-PuUPA _dMx-PuUPA |
||
| 041 | _aeng | ||
| 082 | 0 |
_a004 _bFER |
|
| 100 | 1 |
_aFerreira Filho, Wladston, _eautor |
|
| 245 | 1 | 0 |
_aComputer science distilled : _blearn the art of solving computational problems / _cWladston Ferreira Filho. |
| 250 | _aFirst edition | ||
| 264 | 1 |
_aUnited States of America : _bCode Energy, _c2017 |
|
| 300 |
_ax, 168 páginas : _bilustraciones, gráficas y tablas ; _c22 cm. |
||
| 336 |
_atexto _2rdacontent _btxt |
||
| 337 |
_asin medio _2rdamedia _bn |
||
| 338 |
_avolumen _2rdacarrier _bnc |
||
| 650 | 4 |
_aAlgoritmos _xInformática |
|
| 650 | 4 | _aProgramación de computadoras | |
| 650 | 4 | _aCiencias de la computación | |
| 650 | 4 | _aEstructura de datos (computadoras) | |
| 999 |
_c67340 _d67340 |
||
| 942 |
_h004 _iFER _cLI |
||